01397nam a2200205Ia 4500001001300000003001000013005001700023008004100040040002500081041000700106100002600113245009000139260003100229300001200260500011200272520073800384650001801122654001101140700004001151b6223-43695 IT-MiCISF20230301122052.0161014s9999||||xx |||||||||||||| ||und|| aIT-MiCISFcIT-MiCISF ait aDi Pietro Maria Luisa 0aObiezione di coscienza in sanità.bNuove problematiche per l'etica e per il diritto a Siena,bCantagalli,c2005 app. 264 a / obiezione-di-coscienza, aborto-terapeutico, contraccezione, procreazione-artificiale, sterilizzazione /  aA partire dalla L. 194 sull'interruzione volontaria di gravidanza, il dibattito intorno all'obiezione di coscienza dei medici nei temi di bioetica si è fatto via via sempre più articolato, fino a giungere ai recenti episodi legati alla fecondazione artificiale. In questo testo gli autori, tra cui Carlo Casini, fondatore del Movimento per la Vita, e la figlia Marina, docente di bioetica, analizzano l'obiezione di coscienza nei suoi presupposti storici e teorici e la affrontano compiutamente per ciascun tema: aborto, contraccezione, procreazione medicalmente assistita, sterilizzazione. Un utile strumento sia per medici e professionisti, sia per chi vuole approfondire gli aspetti etico-giuridici dell'obiezione di coscienza aBioeticae011 asaggio aCasini C., Casini M., Spagnolo A.G.